As̆erah extabiblical evidence /

Bibliographic Details
Main Author: Maier, Walter A., 1952-
Format: Book
Language:English
Published: Atlanta, Ga. : Scholars Press, [1986]
Series:Harvard Semitic monographs ; no. 37.
Subjects:

MARC

Tag First Indicator Second Indicator Subfields
LEADER 00000cam a2200000 a 4500
001 in00000011364
005 20151007052039.0
008 860623s1986 gauaf b 00010 eng
010 |a  86015596  
020 |a 1555400469 (alk. paper) 
035 |a (OCoLC)13859310 
035 |9 AAA6043AM 
040 |a DLC  |c DLC  |d m/c  |d TXA  |d UtOrBLW 
049 |a TXAM  |c [A12605855] 
050 0 0 |a BL1605.A7  |b M35 1986 
082 0 |a 299/.26  |2 19 
100 1 |a Maier, Walter A.,  |d 1952- 
245 1 0 |a As̆erah extabiblical evidence /  |c Walter A. Maier, III. 
264 1 |a Atlanta, Ga. :  |b Scholars Press,  |c [1986] 
264 4 |c ©1986 
300 |a xiv, 260 pages, 7 unnumbered pages of plates :  |b illustrations ;  |c 23 cm. 
336 |a text  |b txt  |2 rdacontent 
337 |a unmediated  |b n  |2 rdamedia 
338 |a volume  |b nc  |2 rdacarrier 
490 1 |a Harvard Semitic monographs ;  |v no. 37 
504 |a Bibliography: pages 241-260. 
650 0 |a Asherah (Semitic deity) 
830 0 |a Harvard Semitic monographs ;  |v no. 37. 
999 |a MARS 
999 f f |s f8afd20f-b6d7-333f-bfb3-5326c75e65bd  |i a934c859-485d-385e-82ba-10da8830b320  |t 0 
952 f f |p ric  |a Texas A&M University  |b Rellis Campus  |c Joint Library Facility  |d Remote Storage  |t 0  |e BL1605.A7 M35 1986  |h Library of Congress classification  |i unmediated -- volume  |m A14812605855 
998 f f |a BL1605.A7 M35 1986  |t 0  |l Remote Storage